[Event "Schwarzach op-B"]
[Site "Schwarzach"]
[Date "1999.??.??"]
[Round "5"]
[White "Grassel, Johann"]
[Black "Raab, Erich"]
[Result "1-0"]
[WhiteElo "1775"]
[BlackElo "1680"]
[PlyCount "91"]
[EventDate "1999.08.??"]
[EventType "swiss"]
[EventRounds "9"]
[EventCountry "AUT"]
[SourceTitle "EXT 2000"]
[Source "ChessBase"]
[SourceDate "1999.11.16"]
[SourceVersion "1"]
[SourceVersionDate "1999.11.16"]
[SourceQuality "1"]

1. d4 Nf6 2. c4 e6 3. Nc3 d5 4. cxd5 exd5 5. Bg5 Be7 6. e3 0-0 7. Bd3 c6 8. Qc2 Nbd7 9. Nf3 h6 10. Bh4 Re8 11. 0-0 Nh5 12. Bxe7 Qxe7 13. Rab1 a5 14. a3 Nf8 15. b4 axb4 16. axb4 Nf6 17. Rfc1 Ne4 18. Bxe4 dxe4 19. Nd2 f5 20. b5 c5 21. Nd5 Qe6 22. Nc7 Ra2 23. Rb2 Rxb2 24. Qxb2 Qg6 25. Nxe8 f4 26. exf4 Bh3 27. g3 Qxe8 28. Rxc5 e3 29. Re5 exf2+ 30. Kxf2 Qf7 31. Kg1 b6 32. Qb3 Ne6 33. Qc4 Qd7 34. f5 Qxd4+ 35. Qxd4 Nxd4 36. Rd5 Nxf5 37. Nc4 Kf8 38. Nxb6 Ne3 39. Re5 Nf5 40. Nd7+ Kf7 41. b6 Nd6 42. Nc5 Bc8 43. Rd5 Ke7 44. Rxd6 Kxd6 45. b7 Bxb7 46. Nxb7+ 1-0